| 000 | 00709nam a2200217Ia 4500 | ||
|---|---|---|---|
| 003 | IN-BaIIA | ||
| 008 | 211028s9999 xx 000 0 eng d | ||
| 020 | _a90-277-2710-4 | ||
| 040 | _cIIA Library | ||
| 080 |
_a524.834 _bGRA |
||
| 245 | 0 |
_aGravitation, gauge theories and the early universe _cedited by B. R. Iyer, N. Mukunda and C. V. Vishveshwara |
|
| 260 |
_aDordrecht _bKluwer Academic _c1989 |
||
| 300 | _axiii, 545p. | ||
| 490 | _aFunfamental theories of physics | ||
| 650 | _aGravitation | ||
| 650 |
_aUniverse _91987 |
||
| 700 | _aIyer, B. R., ed. | ||
| 700 |
_aMukunda, N., ed. _921381 |
||
| 700 |
_aVishveshwara, C. V., ed. _911619 |
||
| 942 | _cBK | ||
| 999 |
_c12230 _d12230 |
||